=LDR 00000nam 2200000 4500 =001 000946 =005 20250712012326 =035 ##$$a 0010-0725000824 =007 ta =008 250712################a##########0#ind## =020 ##$$a 978-623-118-816-8 =082 ##$$a 398.209 598 =084 ##$$a 398.209 598 AJI b =100 #$$a Ruslan ajileo =245 1#$$a Bara si kaki ajaib /$c Ruslan ajileo =250 ##$$a Cetakan Pertama =260 ##$$a Rawamangun :$b Badan Pengembangan dan Pembinaan Bahasa,$c 2022 =300 ##$$a 36 hlm. : $b Ilus. ; $c 29,7 cm. =650 #4$$a Cerita Anak - Indonesia =650 #4$$a Cerita Bergambar =856 ##$$a TBM AS SUHADA